[Event "Malmo Masters 1st"]
[Site "Malmo"]
[Date "2003.07.30"]
[Round "3"]
[White "Sebag, Marie"]
[Black "Brynell, Stellan"]
[Result "0-1"]
[WhiteElo "2432"]
[BlackElo "2511"]
[Annotator "Mueller,Karsten"]
[PlyCount "70"]
[EventDate "2003.07.28"]
[EventType "tourn"]
[EventRounds "9"]
[EventCountry "SWE"]
[EventCategory "9"]
[SourceTitle "CBM 097"]
[Source "ChessBase"]
[SourceDate "2003.11.11"]
[SourceVersion "1"]
[SourceVersionDate "2003.11.11"]
[SourceQuality "1"]

1. e4 e6 2. d4 d5 3. Nd2 Nc6 4. Ngf3 Nf6 5. e5 Nd7 6. c3 f6 7. exf6 Qxf6 8. Be2
Bd6 9. Nf1 O-O 10. Ne3 Qg6 11. O-O (11. Nh4 Qf7 12. O-O Nf6 13. f4 Ne7 14. g3
$11 {0-1 Tomic,B-Sebestyen,B/Zenica BIH 2002/The Week in Chess 424 (38). (38)})
11... Nf6 12. c4 b6 13. a3 Bb7 14. b4 dxc4 15. Bxc4 Rae8 16. Bb2 Ng4 $6 17. Bd3
Qh5 18. h3 $2 (18. Nxg4 Qxg4 19. h3 Qh5 20. Ne5 Qg5 21. Bc1 Qh4 22. Nf3 $14)
18... Nf6 $2 (18... Nxd4 $3 19. Bxd4 (19. Nxg4 Nxf3+ 20. gxf3 Rxf3 $19) (19.
hxg4 $2 Nxf3+ 20. gxf3 Qh2#) 19... Bxf3 20. gxf3 Nh2 $40) 19. Ne5 Ne7 20. Bb5
Rd8 21. Bd7 Bc8 22. Bb5 (22. Qxh5 Nxh5 23. Bxc8 Rxc8 24. b5 {gefällt mir
besser. Zumindest ist das weiße Risiko geringer.}) 22... Bb7 (22... Qh4 $5) 23.
Qa4 $2 (23. Bc4 Ned5 24. Qxh5 Nxh5 25. Rac1 $11) 23... Nfd5 24. Ba6 (24. Qxa7
$2 Nxe3 25. fxe3 Bd5 $17) 24... Ba8 (24... Bxa6 25. Qxa6 Nxe3 26. fxe3 Bxe5 27.
dxe5 Nf5 {kam ebenfalls in Betracht.}) 25. Qc2 $2 (25. Qd1 {war vonnöten.})
25... Nf4 26. f3 (26. Qd1 Nxh3+ 27. gxh3 Qxh3 28. d5 Bxe5 29. Bxe5 Nxd5 30. Qg4
Qh1+ 31. Kxh1 Nxe3+ 32. Kg1 Nxg4 33. Bxc7 Rd2 $19) 26... Qg5 27. Kh1 Nh5 28.
Rfe1 $6 {sträflicher Leichtsinn. Allerdings war guter Rat ohnehin teuer, z.B.}
(28. Qb3 Ng3+ 29. Kg1 Nxf1 30. Qxe6+ Kh8 31. Kxf1 Nc6 32. Nf7+ Rxf7 33. Qxf7
Qxe3 34. Re1 Qf4 $17) 28... Bxe5 29. dxe5 {[%tqu "En","How to continue Black's
attack?","","","f8f3","",6,"De","Wie soll der schwarze Angriff fortgesetzt
werden?","","","f8f3","",6]} Rxf3 $3 {[%cal Ga8h1,Gf3h3][%mdl 128]} 30. Qxc7 (
30. gxf3 Bxf3+ 31. Ng2 (31. Kh2 Qg3#) 31... Rd2 $19) 30... Rxh3+ 31. Kg1 Rf8
32. Bb7 Bxb7 (32... Qh4 33. gxh3 Qf2+ 34. Kh1 Ng3#) 33. Qxb7 Rxe3 34. Rf1 Nf4
35. Bc1 Ne2+ (35... Ne2+ 36. Kh2 Qh4#) 0-1

[Event "Morso"]
[Site "Morso"]
[Date "2002.02.17"]
[Round "9"]
[White "Prusikin, Michael"]
[Black "Pedersen, Jan"]
[Result "1-0"]
[WhiteElo "2519"]
[BlackElo "2413"]
[Annotator "Prusikin,M"]
[PlyCount "121"]
[EventDate "2002.02.09"]
[EventType "tourn"]
[EventRounds "9"]
[EventCountry "DEN"]
[EventCategory "10"]
[SourceTitle "EXT 2014"]
[Source "ChessBase"]
[SourceDate "2013.11.20"]
[SourceVersion "1"]
[SourceVersionDate "2013.11.20"]
[SourceQuality "1"]

1. e4 e6 2. d4 d5 3. Nd2 Nc6 4. Ngf3 Nf6 5. e5 Nd7 6. Bb5 a6 7. Bxc6 bxc6 8. c4
$1 (8. Nb3 c5 {verspricht dem Anziehenden nichts}) 8... dxc4 (8... c5 $5 9.
cxd5 exd5 10. O-O Be7 (10... cxd4 11. Nxd4 c5 12. e6 Nb6 (12... Nf6 $4 13. Qa4+
$18) 13. exf7+ Kxf7 14. N4f3 $14) 11. Nb3 O-O 12. Na5 $14) 9. O-O ({einfacher
geschah} 9. Nxc4 $5 Nb6 10. Na5 $14) 9... Nb6 $1 $146 (9... Be7 10. Nxc4 Nb6
11. Na5 $16) 10. Qc2 Qd5 11. Ne4 (11. b3 $5 cxb3 12. axb3 $14) 11... c5 $1 12.
dxc5 $6 (12. Nxc5 Bxc5 13. dxc5 Qxc5 14. Be3 Qc6 15. Rfd1 Bb7 16. Rd4 $40)
12... Bb7 $1 13. Re1 Nd7 (13... Bxc5 $5 14. Bh6 $5 Bf8 $1 15. Rad1 Qa5 $13) 14.
Ned2 Nxc5 $6 (14... Qd3 15. Qxc4 Nxc5 16. Re3 Qxc4 17. Nxc4 O-O-O $15) 15. Nxc4
Qd3 16. Qxd3 Nxd3 17. Rd1 Bxf3 (17... Nxc1 18. Raxc1 $14) 18. gxf3 Rd8 $6 ({
Logischer sah} 18... O-O-O $5 {aus, damit der König sich um die schwachen
Damenflügelbauern kümmern kann}) 19. Be3 Rd5 20. Kf1 Be7 21. Ke2 Nb4 22. Rg1 $1
{Ein wichtiger Prophylaxezug, der verhindert, dass der schwarze Springer auf
dem Traumfeld d5 ankommt.} g6 23. a3 Nc6 24. Rgd1 O-O $6 {Wieder eine
schlechte Entscheidung bezüglich des Königs. Im Endspiel aus dem Zentrum
wegzurochieren, sieht sehr unlogisch aus.} (24... f6 25. f4 Rf8 26. Rac1 Rxd1
27. Rxd1 fxe5 28. fxe5 Rf5 29. f4 g5 $11) 25. Rac1 $14 Rxd1 26. Rxd1 Rd8 27.
Rxd8+ ({Es wäre prinzipiell wünschenswert, die Türme zu behalten, um die
schwarzen Damenflügelschwächen gleich auf's Korn nehmen zu können, konkret
scheitert der Zug aber an} 27. Rc1 Nd4+ $1 28. Bxd4 Rxd4 29. Ne3 c5 $11) 27...
Bxd8 28. Kd3 {In dem entstandenen Endspiel steht Weiß aufgrund der
Raumvorteils und der insgesamt doch besseren Bauernstruktur etwas besser, aber
bei umsichtiger Verteidigung sollte Schwarz sich halten.} Kf8 29. f4 f6 30. Bd4
fxe5 (30... f5 $5 {wäre der weiße Vorteil auch kaum zu verwerten gewesen.}) 31.
fxe5 Bg5 $6 {Erst nach dieser Ungenauigkeit nimmt der weiße Vorteil reale
Formen an.} (31... Nxd4 $1 32. Kxd4 Bh4 33. f4 Bf2+ 34. Ke4 Ke7 $11) 32. Be3 $1
$16 Be7 33. f4 Kf7 34. Ke4 $1 {Noch einmal wichtige Prophylaxe:} (34. Nd2 g5 $1
$11) 34... Ke8 35. Nd2 $1 {Der Springer strebt nach c5, von wo aus er alle
schwarzen Bauernschwächen im Blick hat.} Nd8 $1 {Ein "symmetrisches"
Verteidigungsmanöver.} 36. b4 Nb7 37. Nb3 Kd7 38. Kd3 h6 39. Kc4 c6 40. h3 h5
$2 41. a4 $6 {Wieder Prophylaxe, aber diesmal unnötig. Ich befürchtete} (41.
Nd2 a5 {übersah aber die hübsche Idee} 42. Nb3 $3 axb4 (42... a4 43. Nd2 $18)
43. a4 $1 $18) 41... Bh4 42. Nd2 $1 {Die nächste Stufe des Plans: die
schwarzfeldrigen Läufer sollen getauscht werden.} Kc7 43. Nf3 Be7 (43... Bg3
44. Ng5 Kd7 45. Ne4 Bh4 46. Bf2 Be7 47. Nd2 $18) 44. Bf2 Kd7 45. Bh4 Bf8 46.
Bf6 c5 $2 {Schwarz erkennt richtig, dass er nicht länger abwarten darf, sucht
sich aber den falschen Bauernvorstoß aus.} (46... Ke8 47. Ng5 Kd7 48. Nh7 Bh6
49. Bg5 Bg7 50. Nf6+ Bxf6 51. exf6 {und der weiße König dringt unweigerlich in
die löchrige schwarze Stellung ein, z.B.} Kc7 52. Kd4 Nd8 53. Bh4 Kd7 54. Bg3
Nb7 55. Ke5 Nd8 56. f7 Nxf7+ 57. Kf6 $18) (46... a5 $1 47. bxa5 Nxa5+ 48. Kc3
Ba3 {versprach Schwarz aber noch einige Rettungschancen}) 47. b5 $18 Na5+ 48.
Kc3 axb5 49. axb5 c4 50. Nh4 Bc5 51. Nxg6 Kc7 52. Be7 Bf2 53. Nf8 Be1+ 54. Kc2
Nb3 55. Bd6+ Kb6 56. Nxe6 Kxb5 57. f5 Bd2 58. f6 Kc6 59. f7 Bh6 60. Kc3 Nd2 61.
Nd4+ 1-0

[Event "Rohde op 09th"]
[Site "Sautron"]
[Date "2009.10.25"]
[Round "2"]
[White "Bedouin, Xavier"]
[Black "Wirig, Anthony"]
[Result "1/2-1/2"]
[WhiteElo "2353"]
[BlackElo "2491"]
[Annotator "RR"]
[PlyCount "94"]
[EventDate "2009.10.24"]
[EventType "swiss"]
[EventRounds "9"]
[EventCountry "FRA"]
[SourceTitle "EXT 2010"]
[Source "ChessBase"]
[SourceDate "2010.11.25"]
[SourceVersion "1"]
[SourceVersionDate "2010.11.25"]
[SourceQuality "1"]
[TimeControl "40/6000+30:1800+30"]

1. e4 e6 2. d4 d5 3. Nd2 Nc6 {[%csl Rc7] la variante GUIMARD} 4. Ngf3 Nf6 5. e5
Nd7 6. Nb3 {[%csl Gc5]} Be7 (6... a5) 7. Bb5 a5 8. a4 Na7 9. Be2 (9. Bd3 {
plus actif} b6 10. O-O c5 11. c4 $5 {Sprenger,J (2426)-Vysochin,S (2553)
Lasker Memorial op 2002 (4) 1/2}) 9... b6 10. O-O (10. h4 $142 c5 11. h5 $14 {
Georgiev,K (2450)-Sahovic,D (2475) Athens 1983 (2) 1-0}) 10... c5 11. c3 Nc6
12. Be3 Ba6 13. Bxa6 $146 ({RR} 13. Bb5 Qc8 14. Rc1 O-O 15. c4 Nb4 16. Bxa6
Rxa6 17. Qe2 Ra7 18. Bd2 Qa6 19. Rfe1 Rc8 20. Kf1 Rac7 21. cxd5 Qxe2+ 22. Kxe2
exd5 23. Bf4 Ra7 24. dxc5 bxc5 25. Red1 Nf8 26. Be3 Ne6 27. Nfd4 Rac7 {Lukinov,
P (2327)-Yatshmenev,M/Gatchina 2000/EXT 2001/1-0 (45)}) 13... Rxa6 14. Qe2 $32
{[%cal Ge2a6]} Ra8 15. c4 $5 Nb4 (15... cxd4 $6 16. cxd5) (15... O-O 16. cxd5
exd5 17. Rac1) 16. cxd5 Nxd5 17. dxc5 (17. Rac1) 17... bxc5 18. Rfc1 Qb6 19.
Nbd2 $5 Qxb2 20. Qd3 O-O 21. Nc4 $44 Qb7 22. Qe4 (22. Bg5 $5) 22... Rfb8 23.
Bd2 N5b6 24. Qxb7 Rxb7 25. Rcb1 Rbb8 26. Nxa5 Bf8 27. Kf1 Ra6 28. Rb5 Rba8 29.
g3 h6 30. h4 Nd5 31. Rc1 N7b6 $15 32. Ra1 Nc7 (32... c4 $5) 33. Rbb1 Nbd5 34.
Ne1 Nb4 35. Nb7 Rxa4 36. Rxa4 Rxa4 37. Rc1 Nca6 38. Be3 Nd5 39. Bxc5 Nxc5 40.
Nxc5 Ra2 41. Ne4 Ra4 42. Nc3 Nxc3 43. Rxc3 g5 44. hxg5 hxg5 45. f3 Bg7 46. Re3
Kh7 47. g4 Bf8 1/2-1/2

[Event "ESP-chT CECLUB Honor"]
[Site "Melilla"]
[Date "2011.11.23"]
[Round "4"]
[White "Perez Candelario, Manuel"]
[Black "Bauer, Christian"]
[Result "0-1"]
[WhiteElo "2558"]
[BlackElo "2641"]
[Annotator "RR"]
[PlyCount "146"]
[EventDate "2011.11.21"]
[EventType "team-tourn"]
[EventRounds "7"]
[EventCountry "ESP"]
[SourceTitle "CBM 146"]
[Source "ChessBase"]
[SourceDate "2012.01.18"]
[SourceVersion "1"]
[SourceVersionDate "2012.01.18"]
[SourceQuality "1"]
[WhiteTeam "Linex Magic"]
[BlackTeam "Taldea Gros Xake"]
[WhiteTeamCountry "ESP"]
[BlackTeamCountry "ESP"]

1. e4 e6 2. d4 d5 3. Nd2 Nc6 4. Ngf3 Nf6 5. e5 Nd7 6. c3 f6 7. Bb5 fxe5 8. dxe5
Be7 9. O-O O-O 10. Re1 a5 11. Bd3 Qe8 12. Nf1 Nc5 13. Bc2 b6 14. Ng3 Bb7 15.
Ng5 Bxg5 16. Bxg5 Qf7 17. f3 Kh8 18. Be3 Rad8 19. Bxc5 bxc5 20. Qd3 g6 21. Qb5
Ba8 22. Qxc5 Qg7 23. Rad1 Nxe5 24. b3 Rde8 25. Qxa5 Rf4 26. Qc5 Ref8 27. Re3
Rc8 28. Ne2 Nd7 29. Qa5 Rf6 30. c4 c5 31. cxd5 exd5 32. Ng3 Bc6 33. Qd2 Ra8 34.
a4 Rf7 35. Rde1 Nf8 36. Re5 Rc8 37. Qf2 Nd7 38. Re6 Nf8 39. R6e2 Nd7 40. h4 Qf6
41. h5 gxh5 $6 (41... Qg5 42. a5 Bb5) 42. Nf5 $18 Nf8 43. Ne7 Rc7 44. Qxc5 d4
45. Nxc6 Rxc6 46. Qxh5 Rc3 47. Rd1 Ne6 $2 (47... Rfc7 48. Qf5 Qxf5) 48. Qd5 $2
(48. Bd3 Re7 49. Qg4 $18) 48... Nf4 $14 49. Re8+ Kg7 50. Qe4 Kh6 51. Bd3 Rg7 $6
(51... Qg5 52. Re6+ $1 Nxe6 $11) 52. g4 $18 Rf7 53. Rg8 $2 (53. Ra8 Nxd3 54.
Rxd3 $16) 53... Qh4 $19 54. Bf1 $2 (54. Qe1 Qxe1+ 55. Rxe1 $17) 54... Qg3+ (
54... Re3 55. Qa8 Qg3+) 55. Kh1 $19 Qh4+ 56. Kg1 Qg3+ (56... Re3 57. Qa8 Qg3+)
57. Kh1 $19 Rxf3 58. Qc6+ Ng6 59. Bg2 Qxg4 60. Qc1+ Re3 61. Rxg6+ hxg6 62. Kg1
Rfe7 $2 (62... Rc7 $3 63. Qxc7 Qxd1+) 63. Rf1 $19 Kg7 64. Qc6 Re2 65. Qa8 Re8
66. Qb7+ R2e7 67. Qd5 $2 (67. Qf3 Qxf3 68. Bxf3) 67... Re1 $19 68. Qf7+ Kh6 69.
Qf2 $2 (69. Qf3 Qxf3 70. Bxf3) 69... Rxf1+ $19 70. Qxf1 Qg3 71. Qc1+ Qe3+ 72.
Qxe3+ Rxe3 73. Bd5 $2 (73. Bf1 Rxb3 74. Kf2) 73... d3 $19 0-1

[Event "ESP-chT CECLUB Honor"]
[Site "Melilla"]
[Date "2011.11.24"]
[Round "5"]
[White "Shirov, Alexei"]
[Black "Kuzubov, Yuriy"]
[Result "1-0"]
[WhiteElo "2705"]
[BlackElo "2621"]
[Annotator "RR"]
[PlyCount "145"]
[EventDate "2011.11.21"]
[EventType "team-tourn"]
[EventRounds "7"]
[EventCountry "ESP"]
[SourceTitle "CBM 146"]
[Source "ChessBase"]
[SourceDate "2012.01.18"]
[SourceVersion "1"]
[SourceVersionDate "2012.01.18"]
[SourceQuality "1"]
[WhiteTeam "Taldea Gros Xake"]
[BlackTeam "Cajacanarias"]
[WhiteTeamCountry "ESP"]
[BlackTeamCountry "ESP"]

1. e4 e6 2. d4 d5 3. Nd2 Nc6 4. Ngf3 Nf6 5. e5 Nd7 6. c3 Be7 7. Bd3 f6 8. exf6
Bxf6 9. O-O O-O 10. Qc2 h6 11. Re1 Re8 12. b4 a6 13. Bb2 Nf8 14. Qb3 Qe7 15.
Nf1 Qf7 16. Ne3 Ng6 17. Ng4 Nf4 18. Bf1 Be7 19. Nfe5 Nxe5 20. Nxe5 Qf5 21. Re3
Rf8 22. Rae1 Bd6 23. f3 Bxe5 24. Rxe5 Qg6 25. g3 Nd3 26. Bxd3 Qxd3 27. R5e3 Qf5
28. c4 Bd7 29. c5 Qh3 30. Bc3 Rf5 31. Qc2 Raf8 32. Qg2 Qxg2+ 33. Kxg2 g5 34. h3
Kf7 35. Bd2 Rf6 36. Rc3 Rg8 37. g4 Bb5 38. Re5 Bc4 39. a3 b6 40. cxb6 cxb6 41.
Kg3 a5 42. bxa5 bxa5 43. f4 gxf4+ 44. Bxf4 a4 45. Rh5 Rgg6 46. Rf3 Kg8 47. Be5
Rxf3+ 48. Kxf3 Bb5 49. Kf4 Be8 50. Rh4 Kh7 51. Bd6 Rf6+ 52. Ke5 Kg7 53. Bb4 Bb5
54. Bd2 Bf1 55. Bf4 Bg2 56. Rh5 Bf1 57. Bc1 Rf3 58. h4 Rf6 59. g5 hxg5 60. hxg5
Rf3 61. Kxe6 Rc3 62. Bf4 Rf3 63. Rh4 Bc4 64. Bd6 Kg6 65. Be7 Re3+ 66. Kd7 Bb5+
67. Kd8 Re4 68. Rh6+ Kf7 69. Bf6 Re3 $2 (69... Re8+ 70. Kc7 Bc4 $14) 70. Be5
$18 Bd3 71. Rf6+ Kg8 72. Ke7 Be4 73. Rh6 1-0

[Event "CUB-ch"]
[Site "Matanzas"]
[Date "1997.03.17"]
[Round "2"]
[White "Rodriguez Cespedes, Amador"]
[Black "Pecorelli Garcia, Humberto"]
[Result "1-0"]
[WhiteElo "2555"]
[BlackElo "2460"]
[Annotator "Rodriguez,Am"]
[PlyCount "71"]
[EventDate "1997.03.15"]
[EventType "tourn"]
[EventRounds "13"]
[EventCountry "CUB"]
[EventCategory "7"]
[SourceTitle "CBM 057 Extra"]
[Source "ChessBase"]
[SourceDate "1997.05.01"]
[SourceVersion "1"]
[SourceVersionDate "1997.05.01"]
[SourceQuality "1"]

1. e4 e6 2. d4 d5 3. Nd2 Nc6 4. Ngf3 Nf6 5. e5 Nd7 6. Bb5 a6 {Black has some
other important options:} (6... a5 $5 {[%cal Yc6a7,Yc7c5]}) (6... Be7) (6...
Ncb8) (6... f6 $6) 7. Bxc6 bxc6 8. Nb3 a5 (8... c5 9. Bg5 Be7 10. Na5 Nxe5 (
10... Nb8 11. Bxe7 Qxe7 12. c3 O-O 13. O-O c4 14. b4 cxb3 15. axb3 $14 {
Yemelin,V-Riazantsev,A/St.Petersburg Petrov 1996}) 11. dxe5 Bxg5 12. Nc6 Qd7
13. Nxg5 h6 14. Nxf7 Qxf7 15. O-O O-O 16. Qd2 Bd7 17. Na5 Rab8 (17... Qf4 18.
Qxf4 Rxf4 19. Nb3 c4 20. Nc5 $14 {Drei,A-Naumkin,I/Toscolano open 1996}) 18. c4
Qf4 19. Qe2 $14 {Yudasin,L-Drasko,M/Tbilisi 1987}) 9. Bd2 $1 $146 (9. Bg5 Be7
10. h4 h6 11. Be3 a4 12. Nc5 Nxc5 13. dxc5 Ba6 $13 {Tolnai,T-Monin,N/Budapest
Spring op 1990}) (9. a4 Bb4+ 10. Bd2 f6 $6 11. exf6 Qxf6 12. Bxb4 axb4 13. O-O
O-O 14. Re1 $16 {Estrada,N-Parcerias,P/WchTJ U26 Paranana 1993}) 9... a4 (9...
Bb4 10. a3 (10. O-O $5) 10... Bxd2+ 11. Qxd2 a4 12. Na5 Ra6 13. Qc3 c5 (13...
Nb8 $16) 14. dxc5 c6 15. b4 axb3 16. Nxb3 $16) 10. Na5 Nb8 (10... Ra6 11. c4 a3
12. b4 $16) 11. c4 a3 (11... Ba6 12. Qxa4 Bxc4 13. Qc2 $16 {[%cal Rc2c6]}) 12.
b4 {/\ 13.c5 +- קa3} dxc4 (12... Ba6 13. c5 Be7 (13... Bd3 $2 14. Bg5) 14. Qb3
$16) 13. O-O Ba6 14. Re1 Bb5 15. Qc1 Qd5 16. Qxa3 Nd7 17. Qc3 Nb6 18. a3 h6 19.
Qc2 (19. Be3 $6 Na4 20. Qc2 c3 $1 $132) 19... Ba4 20. Qc1 Be7 21. Be3 Bb5 (
21... O-O $2 22. Bxh6 $1 $40) 22. Nd2 O-O 23. Nb1 f5 (23... Ra7 {[%cal Yf8a8]}
24. Nc3 Qd7 25. Bxh6 $1 gxh6 (25... Qxd4 26. Nxb5 cxb5 27. Nc6) 26. Qxh6 $18 {
[%cal Re1e4,Re4g4] ->}) 24. exf6 Rxf6 (24... Bxf6 25. Nc3 Qd7 26. a4 Ba6 27.
Ne4 Bxd4 28. Bxd4 Qxd4 29. Nxc6 $16) 25. Nc3 Qh5 (25... Qf5 $142 $16 {[%csl
Gf4]}) 26. Bf4 $1 Raf8 (26... Qh4 $5 27. Re4 Nd5 28. Bg3 Qh5 $16) (26... Rxf4
27. Qxf4 Bd6 28. Qe4 (28. Re5 Bxe5 29. Qxe5 $16) 28... Qxh2+ 29. Kf1 $16) 27.
Bg3 Bd6 28. Ne4 Rg6 29. Nb7 $1 (29. Nxd6 $6 cxd6 30. Bxd6 Rxg2+ $1 $11) 29...
Bxg3 30. hxg3 e5 31. dxe5 Qxe5 32. Nbc5 $1 $18 {[%csl Rb5][%cal Ya3a4]} Rg4 33.
Qc2 Kh8 34. Nc3 Qf6 35. a4 Rxg3 36. fxg3 1-0

[Event "Sydney Mercantile"]
[Site "Sydney"]
[Date "1991.??.??"]
[Round "6"]
[White "Antonio, Rogelio Jr"]
[Black "Johansen, Darryl Keith"]
[Result "1-0"]
[WhiteElo "2490"]
[BlackElo "2465"]
[Annotator "Rogers,I"]
[PlyCount "43"]
[EventDate "1991.04.??"]
[EventType "tourn"]
[EventRounds "9"]
[EventCountry "AUS"]
[EventCategory "10"]
[SourceTitle "CBM 023"]
[Source "ChessBase"]
[SourceDate "1991.08.01"]
[SourceVersion "1"]
[SourceVersionDate "1991.08.01"]
[SourceQuality "1"]

1. e4 e6 2. d4 d5 3. Nd2 Nc6 4. c3 dxe4 5. Nxe4 Qd5 $5 6. Bd3 e5 ({Grabbing a
pawn with} 6... f5 $6 {is known to be very risky but the text is considered to
be a safe equalising method. However Antonio finds an interesting way to give
up a pawn even here, setting new problems for Black.}) 7. Qe2 $1 Be6 8. Nf3
exd4 9. O-O O-O-O 10. Nxd4 Nxd4 11. cxd4 Ne7 $6 {Black would prefer to take
the d pawn with his knight but this manoeuvre is too time consuming and fails
tactically.} (11... Qxd4 12. Rd1 Qe5 {seems best, although White maintains a
strong initiative for the pawn.}) 12. Bf4 Nf5 13. Rac1 Bd6 ({If} 13... c6 14.
Bc4 Nxd4 15. Qe3 {sets up numerous threats.}) 14. Nxd6+ Nxd6 15. Be5 $1 f6 16.
Rc5 $1 Qxa2 17. Bg3 Rhe8 18. Qc2 Re7 ({Forced, since} 18... c6 {loses
immediately to} 19. Rxc6+ $1) 19. Re1 $1 Rdd7 ({The threat of 20.d5 is
unanswerable, e.g.} 19... Rf7 20. Rxe6 $1 Qxe6 21. Bf5 $1 Nxf5 22. Rxc7+ {
and mate next move. Now, however, Black loses because the rook on d7 becomes
overloaded.}) 20. d5 $1 Bf5 ({If} 20... Bxd5 21. Rxe7 Rxe7 22. Bxd6 {wins.})
21. Rxe7 Qa1+ 22. Qc1 1-0

[Event "Bundesliga 9899"]
[Site "Germany"]
[Date "1999.03.21"]
[Round "13.1"]
[White "Rozentalis, Eduardas"]
[Black "Bauer, Christian"]
[Result "1-0"]
[WhiteElo "2577"]
[BlackElo "2528"]
[Annotator "Rozentalis,E"]
[PlyCount "97"]
[EventDate "1998.10.17"]
[EventType "team-tourn"]
[EventRounds "15"]
[EventCountry "GER"]
[SourceTitle "GER-chT"]
[Source "ChessBase"]
[SourceDate "1999.07.01"]
[SourceVersion "1"]
[SourceVersionDate "1999.07.01"]
[SourceQuality "1"]
[WhiteTeam "Castrop Rauxel"]
[BlackTeam "Viernheim"]
[WhiteTeamCountry "GER"]
[BlackTeamCountry "GER"]

1. e4 e6 2. d4 d5 3. Nd2 Nc6 4. Ngf3 Nf6 5. e5 Nd7 6. b3 f6 7. Bb2 fxe5 8. dxe5
Be7 (8... Bc5) 9. g3 O-O 10. Bh3 (10. Bg2 $142) 10... Nc5 11. O-O Qe8 12. Qe2
Qh5 13. Bg2 Bd7 14. c4 {Development is finished, and it's time to attack black
centre.} Rad8 15. Rad1 Be8 16. cxd5 Rxd5 (16... exd5 $142 $13) 17. Nc4 Bg6 $2 {
missing white's trap.} (17... Rxd1 18. Rxd1 Bg6) 18. g4 $1 Qxg4 (18... Qh6 19.
Bc1) 19. Ne3 Qe4 (19... Qf4 $142 20. Nxd5 exd5 {withsome compensation.}) 20.
Ng5 $2 {After this position becomes unclear, while} (20. Ne1 Rxd1 21. Bxe4 Rxe1
22. Rxe1) {and having extra queen for two pieces white should win.} 20... Qh4
21. Nxd5 Bxg5 22. Nxc7 $2 {this natural move could lead white into great
trouble, though after the only 22.f4 position would be unclear.} Bh5 $2 (22...
Bf4 23. h3 Bf5 $17) 23. Qc2 Bf4 24. h3 b6 $2 $138 (24... Bxd1 25. Rxd1 {
and white is slightly better, because of two bishop's advantage.}) 25. Nxe6
Nxe6 26. Qxc6 $18 Ng5 27. Rd3 Be2 28. Qd5+ (28. e6 Bxd3 29. e7 $18) 28... Kh8
29. Ba3 Rg8 (29... Bxf1 30. Bxf8 Bxd3 31. Be7) 30. Re1 Bxd3 31. Qxd3 Ne6 32.
Qc4 Qh6 33. Rd1 Ng5 34. Bb2 Qg6 35. Kf1 Ne6 36. Qd3 Qg5 37. Qc4 $138 Qf5 38.
Qe4 Qg5 39. b4 h6 40. Rd6 Re8 41. Qc6 Qe7 42. Qc4 Bh2 (42... Qc7 43. Bc6) (
42... b5 43. Qxb5) 43. Bc6 Nf4 44. Bxe8 Qg5 45. Ke1 Qg1+ 46. Kd2 Qxf2+ 47. Kc3
Qf3+ 48. Kc2 Ng2 49. Bc6 {49...Ne3 50.Kb3} 1-0